Statistics for Obscure, Odd, and Historical Flags

Click here to take the quiz!

General Stats

  • This quiz has been taken 233 times
    (232 since last reset)
  • The average score is 3 of 7

Answer Stats

Answer% Correct
Vichy France
64%
Transnistria
61%
Rhodesia
56%
Cascadia
50%
Green Mountain Boys
44%
Saint David
22%
Hungarian revolution
14%

Score Distribution

Percentile by Number Answered

Percent of People with Each Score

Your Score History

You have not taken this quiz since the last reset